000 00448nam a2200169Ia 4500
999 _c2077
_d2077
003 OSt
005 20200818094414.0
008 190216s9999||||xx |||||||||||||| ||und||
040 _coclc
082 _a546
_bKAP/I
100 _aKapur, Ramesh
_94165
245 0 _aInorganic Chemistry /
_cRamesh Kapur
260 _bHiggin Bros,
_aMadras;
300 _a344p
650 _aChemistry
942 _cBK
_2ddc
_h546
_iKAP/I
_k546
_mKAP/I